000 00418nam a22001697a 4500
005 20180809111854.0
008 160517b xxu||||| |||| 00| 0 eng d
020 _a981-240-649-2
041 _aeng
082 _b2560
_a658.3
100 _aBohlander, Snell and Sherman
_94733
245 _aManaging Human Resources
260 _bThomson sons
_c2002
_adelhi
300 _a724p,
650 _aManagement
_9241
942 _cBK
999 _c940
_d940